000
00375nam a22001577a 4500
003
MPLRDC
005
20220104124341.0
008
210129b ||||| |||| 00| 0 eng d
082
_a
520.9386 LLY-6 c.2*
100
_a
林连玉著
245
_a
杂锦集
_c
260
_a
_b
林连玉基金委员会
_c
1986
300
_b
平
650
_a
942
_c
BK
_o
520.9386 LLY-6 c.2*
999
_c
18639
_d
18629